| 000 | 00682nam a22001937a 4500 | ||
|---|---|---|---|
| 999 |
_c184162 _d184162 |
||
| 005 | 20220113155514.0 | ||
| 010 | _aENG-131110 | ||
| 020 |
_a978-93-906-8923-1 _c799.00 |
||
| 035 | _aEN-114642 | ||
| 037 | _bDBAD | ||
| 082 | _a658.1599 | ||
| 100 | _aSiddaiah, Thummuluri | ||
| 245 |
_aInternational Financial Management: _bAn Analytical Framework/ _cThummuluri Siddaiah |
||
| 250 | _aThird Edition | ||
| 260 |
_aUttar Pradesh _bPearson India Education Services Pvt. Ltd _c2021 |
||
| 270 |
_bUttar Pradesh _a15th Floor, Tower-B, World Trade Tower, Plot No. 1, Block-C, Sector 16 _e201301 |
||
| 300 |
_a596p. _c28cm(pbk) _bindex |
||
| 942 |
_2ddc _cEN _h658.1599 _mSID |
||